Perspektif fizik moden

Bibliographic Details
Main Authors: Beiser, Arthur (Author), Liew, Yong Choy (Author)
Format: Book
Published: Pulau Pinang : Penerbit University Sains Malaysia , 1982
Subjects:

MARC

LEADER 00000cam a2200000 7i4500
001 0000003471
005 20021118093000.0
008 021118n
090 0 0 |a QC776   |b .B4 
100 0 |a Beiser, Arthur ,   |e author 
245 0 0 |a Perspektif fizik moden   |c Arthur Beiser   |f diterjemahkan oleh Lien Yong Choy 
260 2 |a Pulau Pinang :   |b Penerbit University Sains Malaysia ,   |c 1982 
300 |a 703 ms. ; ;   |c 23 cm. 
500 |a Terjemahan : Perspectives of Modern Physics 
650 0 |a Nuclear physics 
700 0 |a Liew, Yong Choy ,   |e author 
999 |a 1000046067   |b Book   |c OPEN SHELF (30 DAYS)   |e Gong Badak Campus